Геохимия подземных льдов, солёных вод и рассолов Западной Якутии: диссертация на соискание ученой степени доктора геолого-минералогических наук; спец. 25.00.07

Bibliographische Detailangaben
1. Verfasser: Алексеева Л. П. Людмила Павловна
Körperschaft: Российская академия наук (РАН) Сибирское отделение (СО) Институт земной коры (ИЗК)
Weitere Verfasser: Шварцев С. Л. Степан Львович (научный консультант)
Zusammenfassung:Защищена 27.04.2016 г.
Sprache:Russisch
Veröffentlicht: Иркутск, [Б. и.], 2015
Schlagworte:
Format: Buch
KOHA link:https://koha.lib.tpu.ru/cgi-bin/koha/opac-detail.pl?biblionumber=318965

MARC

LEADER 00000nbm0a2200000 4500
001 318965
005 20231102003131.0
035 |a (RuTPU)RU\TPU\book\344470 
035 |a RU\TPU\book\344469 
090 |a 318965 
100 |a 20160516j20160427k y0rusy50 ca 
101 0 |a rus 
102 |a RU 
105 |a a m 001zy 
200 1 |a Геохимия подземных льдов, солёных вод и рассолов Западной Якутии  |e диссертация на соискание ученой степени доктора геолого-минералогических наук  |e спец. 25.00.07  |f Л. П. Алексеева  |g Российская академия наук (РАН), Сибирское отделение (СО), Институт земной коры (ИЗК) ; науч. конс. С. Л. Шварцев 
210 |a Иркутск  |c [Б. и.]  |d 2015 
215 |a 233 л.  |c ил. 
300 |a Защищена 27.04.2016 г. 
320 |a Библиогр.: с. 169-214 
320 |a Основные термины и понятия: с. 215-216 
452 1 |0 (RuTPU)RU\TPU\book\343663  |t Геохимия подземных льдов, солёных вод и рассолов Западной Якутии  |o диссертация на соискание ученой степени кандидата геолого-минералогических наук  |o спец. 25.00.07  |f Л. П. Алексеева  |g Российская академия наук (РАН) ; науч. рук. С. Л. Шварцев  |c Томск  |d 2015  |a Алексеева, Людмила Павловна 
606 1 |a Лед подземный  |2 stltpush  |3 (RuTPU)RU\TPU\subj\39925  |9 59823 
606 1 |a Рассолы природные  |x Геохимия  |2 stltpush  |3 (RuTPU)RU\TPU\subj\23867  |9 48379 
610 1 |a Западная Якутия 
610 1 |a региональные особенности 
610 1 |a подземные воды 
610 1 |a распространение 
610 1 |a разрезы 
610 1 |a гидрогеологическая стратификация 
610 1 |a мерзлые толщи 
610 1 |a геохимия 
610 1 |a подземные соленые воды 
610 1 |a гидроминеральное сырье 
610 1 |a диссертации 
675 |a 551.324.2(04)  |v 3 
675 |a 551.314.6(04)  |v 3 
686 |a 25.00.07(04)  |2 oksvnk 
700 1 |a Алексеева  |b Л. П.  |g Людмила Павловна 
702 1 |a Шварцев  |b С. Л.  |c российский гидрогеолог, доктор геолого-минералогических наук  |c профессор Томского политехнического университета, академик РАЕН  |f 1936-  |g Степан Львович  |2 stltpush  |3 (RuTPU)RU\TPU\pers\25914  |4 695 
712 0 2 |a Российская академия наук (РАН)  |b Сибирское отделение (СО)  |b Институт земной коры (ИЗК)  |c (Иркутск)  |c (1992- )  |2 stltpush  |3 (RuTPU)RU\TPU\col\287 
801 1 |a RU  |b 63413507  |c 20160516 
801 2 |a RU  |b 63413507  |c 20160929  |g RCR 
942 |c BK